• 首页
  • 本馆介绍
  • 公告通知
  • 最新文献
  • 馆藏检索
  • 电子资源
  • 读者导购
  • 参考咨询
  • 我的图书馆
  • 登录
  • 详细信息显示
  • 放入我的书架
  • 预约/预借图书
  • 作者相关作品
  • 分类相关作品
  • 丛书相关作品
  • 出版社相关作品

书目信息

  • 表格格式
  • 工作单格式
  • 卡片格式
题名:
人才预测和教育规划
    
 
作者: 夏安邦 编著
分册:  
出版信息: 南京   东南大学出版社  1989.6
页数: 305页
开本: 19cm
丛书名:
单 册:
中图分类: C96
科图分类:
主题词: 人才学
电子资源:
ISBN: 7-81023-212-6
000 00606nam0 2200217 45
001 0189022355
005 20050324172242.7
010    @a7-81023-212-6@dCNY3.10
020    @aCN@b89022355
100    @a19910905d1989 m y0chiy0120 ea
101 0  @achi
102    @aCN@b320000
105    @ay z 000yy
200 10 @a人才预测和教育规划@Aren cai yu ce he jiao yu gui hua@f夏安邦等编著@Fxia an bang deng bian zhu
210    @a南京@c东南大学出版社@d1989.6
215    @a305页@d19cm
606    @a人才学
690    @aC96@v1980
701  0 @a夏安邦@4编著
801  0 @aCN@bNLC@c19910905
905    @f1@b224767@dC96@e16
    
    人才预测和教育规划/夏安邦等编著.-南京:东南大学出版社,1989.6
    305页;19cm
    
    
    ISBN 7-81023-212-6:CNY3.10
    
●
相关链接 在E读中查询图书 在五车中查询图书 在当当中查询图书 在豆瓣中查询图书


正题名:人才预测和教育规划     索取号:C96/16         预约/预借

序号 登录号 条形码 馆藏地/架位号 状态 备注
1 0224767   001986603   密集书库/ [索取号:C96/16] 在馆    
2 0224768   001023127   第一样本阅览室/ [索取号:C96/16] 在馆    
唐山师范学院图书馆 欢迎您!
大连网信软件有限公司© 版权所有